Geography Multi-select #36 - Statistics

General Stats
  • This quiz has been taken 37 times
  • The average score is 61 of 90
Answer Stats
Question Tile Select % Correct
national capitals of a sovereign state whose English language JetPunk name begins with “S.” Beijing No
100%
national capitals of a sovereign state whose English language JetPunk name begins with “S.” Stockholm Yes
100%
five of the most populous census-designated places in Hawaii (2020). Honolulu Yes
97%
national capitals of a sovereign state whose English language JetPunk name begins with “S.” Washington No
97%
sovereign states with a coastline on the Gulf of Alaska. Czech Republic No
94%
sovereign states with a coastline on the Gulf of Alaska. France No
94%
sovereign states with at least one national capital (of any type) whose name begins with “A.” Greece Yes
94%
sovereign states with a coastline on the Gulf of Alaska. Mexico No
94%
sovereign states with at least one national capital (of any type) whose name begins with “A.” South Africa No
94%
national capitals of a sovereign state whose English language JetPunk name begins with “S.” Damascus Yes
91%
sovereign states with at least one national capital (of any type) whose name begins with “A.” Qatar No
91%
national capitals of a sovereign state whose English language JetPunk name begins with “S.” Sucre No
91%
sovereign states with a coastline on the Gulf of Alaska. United States Yes
91%
five of the countries with the highest estimated number of universities (2023). United States Yes
91%
five of the countries with the highest estimated number of universities (2023). China Yes
88%
sovereign states with a coastline on the Gulf of Alaska. Japan No
88%
sovereign states with at least one national capital (of any type) whose name begins with “A.” Kyrgyzstan No
88%
JetPunk sovereign states where Dutch (or a related creole language) is either a nationwide official language, a nationwide co-official language or a recognized national language. Netherlands Yes
88%
sovereign states with a coastline on the Barents Sea. Poland No
88%
JetPunk sovereign states where Dutch (or a related creole language) is either a nationwide official language, a nationwide co-official language or a recognized national language. Suriname Yes
88%
national capitals of a sovereign state whose English language JetPunk name begins with “S.” Bern Yes
85%
JetPunk sovereign states where Dutch (or a related creole language) is either a nationwide official language, a nationwide co-official language or a recognized national language. Botswana No
85%
JetPunk sovereign states where Dutch (or a related creole language) is either a nationwide official language, a nationwide co-official language or a recognized national language. Eswatini No
85%
five of the most populous cities in Burkina Faso (2019). Ouagadougou Yes
85%
U.S. states that border Kansas. South Dakota No
85%
JetPunk sovereign states where Dutch (or a related creole language) is either a nationwide official language, a nationwide co-official language or a recognized national language. Belgium Yes
82%
sovereign states with a coastline on the Gulf of Alaska. Denmark No
82%
JetPunk sovereign states where Dutch (or a related creole language) is either a nationwide official language, a nationwide co-official language or a recognized national language. Guyana No
82%
U.S. states that border Kansas. New Mexico No
82%
sovereign states with a coastline on the Barents Sea. Russia Yes
82%
JetPunk sovereign states where Dutch (or a related creole language) is either a nationwide official language, a nationwide co-official language or a recognized national language. South Africa Yes
82%
U.S. states that border Kansas. Wyoming No
82%
current National Historic Landmarks located in Florida. Ernest Hemingway House Yes
79%
sovereign states with a coastline on the Barents Sea. Estonia No
79%
sovereign states with a coastline on the Barents Sea. Japan No
79%
national capitals of a sovereign state whose English language JetPunk name begins with “S.” Khartoum Yes
79%
JetPunk sovereign states where Dutch (or a related creole language) is either a nationwide official language, a nationwide co-official language or a recognized national language. Lesotho No
79%
five of the countries with the highest estimated number of universities (2023). Mexico No
79%
sovereign states with at least one national capital (of any type) whose name begins with “A.” Paraguay Yes
79%
five of the most populous census-designated places in Hawaii (2020). East Honolulu Yes
76%
sovereign states with a coastline on the Barents Sea. Iceland No
76%
sovereign states with a coastline on the Gulf of Alaska. Iceland No
76%
sovereign states with at least one national capital (of any type) whose name begins with “A.” Kazakhstan Yes
76%
U.S. states that border Kansas. Nebraska Yes
76%
U.S. states that border Kansas. Oklahoma Yes
76%
national capitals of a sovereign state whose English language JetPunk name begins with “S.” St. John's No
76%
five of the most populous census-designated places in Hawaii (2020). Kahului No
73%
five of the most populous census-designated places in Hawaii (2020). Kaneohe No
73%
current National Historic Landmarks located in Florida. Cathedral of St. Augustine Yes
70%
sovereign states with a coastline on the Barents Sea. Denmark No
70%
five of the countries with the highest estimated number of universities (2023). India Yes
70%
U.S. states that border Kansas. Missouri Yes
70%
sovereign states with a coastline on the Barents Sea. Norway Yes
70%
five of the most populous census-designated places in Hawaii (2020). Pearl City Yes
70%
current National Historic Landmarks located in Florida. Amelia Island No
67%
current National Historic Landmarks located in Florida. Hialeah Park Race Track No
67%
national capitals of a sovereign state whose English language JetPunk name begins with “S.” Paramaribo Yes
67%
U.S. states that border Kansas. Colorado Yes
64%
sovereign states with at least one national capital (of any type) whose name begins with “A.” Eritrea Yes
64%
five of the most populous cities in Burkina Faso (2019). Kombissiri No
64%
five of the most populous cities in Burkina Faso (2019). Nouna No
64%
sovereign states with at least one national capital (of any type) whose name begins with “A.” Samoa Yes
64%
sovereign states with a coastline on the Barents Sea. Sweden No
64%
U.S. states that border Kansas. Iowa No
61%
five of the most populous cities in Burkina Faso (2019). Koudougou Yes
61%
five of the most populous census-designated places in Hawaii (2020). Pearl Harbor No
61%
sovereign states with at least one national capital (of any type) whose name begins with “A.” Turkmenistan Yes
61%
current National Historic Landmarks located in Florida. Fort Caroline National Memorial No
55%
five of the most populous cities in Burkina Faso (2019). Manga No
55%
five of the most populous census-designated places in Hawaii (2020). Hilo Yes
52%
five of the most populous census-designated places in Hawaii (2020). Kailua No
48%
five of the countries with the highest estimated number of universities (2023). Russia No
48%
five of the most populous cities in Burkina Faso (2019). Bittou No
45%
current National Historic Landmarks located in Florida. Mar-a-Lago Yes
45%
five of the most populous cities in Burkina Faso (2019). Ouahigouya Yes
45%
U.S. states that border Kansas. Arkansas No
42%
five of the countries with the highest estimated number of universities (2023). Japan No
42%
five of the most populous cities in Burkina Faso (2019). Bobo-Dioulasso Yes
39%
sovereign states with a coastline on the Barents Sea. Finland No
36%
current National Historic Landmarks located in Florida. Everglades No
33%
current National Historic Landmarks located in Florida. Hotel Ponce de León Yes
33%
five of the most populous cities in Burkina Faso (2019). Kaya Yes
33%
current National Historic Landmarks located in Florida. Marjory Stoneman Douglas House Yes
33%
five of the countries with the highest estimated number of universities (2023). France No
27%
JetPunk sovereign states where Dutch (or a related creole language) is either a nationwide official language, a nationwide co-official language or a recognized national language. Namibia Yes
27%
sovereign states with a coastline on the Gulf of Alaska. Russia No
24%
five of the most populous census-designated places in Hawaii (2020). Waipahu Yes
24%
five of the countries with the highest estimated number of universities (2023). Brazil Yes
15%
sovereign states with a coastline on the Gulf of Alaska. Canada No
12%
five of the countries with the highest estimated number of universities (2023). Indonesia Yes
12%
No matching quizzes found
Score Distribution
Percent of People with Each Score
Percentile by Number Answered
Your Score History
You have not taken this quiz